Statystyki dla Porty lotnicze w Polsce - szczegółowy quiz

Kliknij tutaj aby rozwiązać quiz!

Ogólne statystyki

  • Ten quiz został rozwiązany 32 razy
    (27 od ostatniego zresetowania)
  • Średni wynik to 46 z 75

Statystyki odpowiedzi

% Poprawnych
Lotnisko Chopina w Warszawie
96%
Port lotniczy Kraków-Balice
96%
Port lotniczy Warszawa-Modlin
91%
Port lotniczy Warszawa-Radom
91%
Łódzkie
87%
Lubelskie
87%
Mazowieckie
87%
Mazowieckie
87%
Mazowieckie
87%
Port lotniczy Gdańsk im. Lecha Wałęsy
87%
Port lotniczy Łódź-Lublinek
87%
Port lotniczy Wrocław-Strachowice
87%
Łódź
83%
Łódź
83%
Port lotniczy Katowice-Pyrzowice
83%
Port lotniczy Rzeszów-Jasionka
83%
Gdańsk
78%
Gdańsk
78%
Małopolskie
78%
Pomorskie
78%
Port lotniczy Bydgoszcz-Szwederowo
78%
Port lotniczy Poznań-Ławica
78%
Port lotniczy Szczecin-Goleniów
78%
Śląskie
78%
Wrocław
78%
Wrocław
78%
Bydgoszcz
74%
Bydgoszcz
74%
KujawskoPomorskie
74%
Modlin
74%
Podkarpackie
74%
Port lotniczy Lublin
74%
Port lotniczy Olsztyn-Mazury
74%
Port lotniczy Zielona Góra-Babimost
74%
Poznań
74%
Poznań
74%
Radom
74%
Radom
74%
Warszawa
74%
Warszawa
74%
Balice
65%
Dolnośląskie
65%
Lubuskie
65%
Wielkopolskie
65%
Zachodniopomorskie
65%
Ławica
61%
Pyrzowice
61%
Strachowice
61%
Babimost
57%
Babimost
57%
Włochy
57%
Goleniów
52%
Jasionka
48%
Lublinek
48%
WarmińskoMazurskie
48%
Krakowski
43%
Szwederowo
43%
Nowodworski
39%
Rzeszowski
39%
Zielonogórski
39%
Goleniowski
35%
Matarnia
35%
Świdnik
35%
Świdnik
35%
NowyDwórMazowiecki
30%
Szymany
30%
Świdnicki
26%
Tarnogórski
26%
Sadków
22%
Szczycieński
22%
Szczytno
22%
Ożarowice
13%
Trzebownisko
9%
Zabierzów
4%
Glewice
0%

Rozkład punktacji

Percentyl według liczby udzielonych odpowiedzi

Procent ludzi z każdym wynikiem

Twoja historia wyników

Nie rozwiązałeś tego quizu od ostatniego zresetowania